Normal view
MARC view
Entry Personal Name
001 - CONTROL NUMBER
- control field: 51642
003 - CONTROL NUMBER IDENTIFIER
- control field: dpl
005 - DATE AND TIME OF LATEST TRANSACTION
- control field: 20120828120327.0
008 - FIXED-LENGTH DATA ELEMENTS
- fixed length control field: 120828|||a|||||| | ||| d
040 ## - CATALOGING SOURCE
- Original cataloging agency: dpl
- Transcribing agency: dpl
100 ## - HEADING--PERSONAL NAME
- Personal name: Banerjee, Utpal K.
- Dates associated with a name: 1935-
- Fuller form of name: (Utpal Kumar)
670 ## - SOURCE DATA FOUND
- Source citation: Work cat.: (dpl)63587: Banerjee, Utpal K. 1935- (Utpal Kumar), Luminous harmony : , 2011
670 ## - SOURCE DATA FOUND
- Source citation: Work cat.: (dpl)63587: Banerjee, Utpal K. 1935- (Utpal Kumar), Luminous harmony : , 2011
